Goodman & Gilman's the pharmacological basis of therapeutics. (Record no. 4802)

MARC details
000 -LEADER
fixed length control field 01017cam a22003494a 4500
001 - CONTROL NUMBER
control field 13773169
003 - CONTROL NUMBER IDENTIFIER
control field OSt
005 - DATE AND TIME OF LATEST TRANSACTION
control field 20161012131156.0
008 - FIXED-LENGTH DATA ELEMENTS--GENERAL INFORMATION
fixed length control field 041104s2006 nyua b 001 0 eng
010 ## - LIBRARY OF CONGRESS CONTROL NUMBER
LC control number 2004063122
Canceled/invalid LC control number 2005050545
016 7# - NATIONAL BIBLIOGRAPHIC AGENCY CONTROL NUMBER
Record control number 101258215
Source DNLM
020 ## - INTERNATIONAL STANDARD BOOK NUMBER
International Standard Book Number 9780071624428
020 ## - INTERNATIONAL STANDARD BOOK NUMBER
International Standard Book Number 0071624422
035 ## - SYSTEM CONTROL NUMBER
System control number (OCoLC)ocm56982354
040 ## - CATALOGING SOURCE
Transcribing agency DNLM
042 ## - AUTHENTICATION CODE
Authentication code pcc
050 00 - LIBRARY OF CONGRESS CALL NUMBER
Classification number RM300
Item number .G644 2006
060 00 - NATIONAL LIBRARY OF MEDICINE CALL NUMBER
Classification number 2005 L-513
060 10 - NATIONAL LIBRARY OF MEDICINE CALL NUMBER
Classification number QV 4
Item number G6532 2006
082 00 - DEWEY DECIMAL CLASSIFICATION NUMBER
Classification number WB 300 G653L 2006
084 ## - OTHER CLASSIFICATION NUMBER
Number source bcl
100 ## - MAIN ENTRY--PERSONAL NAME
Personal name Brunton,Laurence;Chabner,Bruce;Knollman,Bjorn;
9 (RLIN) 10325
245 00 - TITLE STATEMENT
Title Goodman & Gilman's the pharmacological basis of therapeutics.
250 ## - EDITION STATEMENT
Edition statement 12th ed.
260 ## - PUBLICATION, DISTRIBUTION, ETC. (IMPRINT)
Place of publication, distribution, etc. New York :
Name of publisher, distributor, etc. McGraw-Hill,
Date of publication, distribution, etc. c2006.
300 ## - PHYSICAL DESCRIPTION
Extent xvi, 2083 p. :
Other physical details ill. ;
Dimensions 26 cm.
504 ## - BIBLIOGRAPHY, ETC. NOTE
Bibliography, etc Includes bibliographical references and index.
650 #0 - SUBJECT ADDED ENTRY--TOPICAL TERM
Topical term or geographic name as entry element Pharmacology.
9 (RLIN) 357
650 #0 - SUBJECT ADDED ENTRY--TOPICAL TERM
Topical term or geographic name as entry element Therapeutics.
9 (RLIN) 1626
906 ## - LOCAL DATA ELEMENT F, LDF (RLIN)
a 7
b cbc
c orignew
d 1
e ocip
f 20
g y-gencatlg
942 ## - ADDED ENTRY ELEMENTS (KOHA)
Source of classification or shelving scheme Other/Generic Classification Scheme
Koha item type Open Shelf
Holdings
Withdrawn status Lost status Source of classification or shelving scheme Damaged status Not for loan Home library Current library Date acquired Source of acquisition Inventory number Total Checkouts Full call number Barcode Date last seen Date last checked out Koha item type
    Other/Generic Classification Scheme     MUST Main Library Faculty of Interdisciplinary Studies Library 19/07/2016   14/37948 1 WB 300 G653L 2006 2016-3309 04/04/2022 18/03/2022 Open Shelf
    Other/Generic Classification Scheme     Pharmacy Department Library Pharmacy Department Library 20/03/2017   11/0017   QV4 G653l 2006 2017-0409 20/03/2017   Short Loan